[Event "It (open) (active)"]
[Site "Uebach (Germany)"]
[Round "1"]
[White "Fancsy Imre (HUN)"]
[Black "Schmitz Michael (GER)"]
[Result "1-0"]
[WhiteElo "2325"]
[BlackElo "2245"]

1.Nf3 Nf6 2.c4 g6 3.g3 Bg7 4.Bg2 c6 5.d4 d5 6.cxd5 cxd5 7.Ne5 O-O 8.Nc3 Nc6
9.Nxc6 bxc6 10.O-O Bf5 11.Bf4 Nh5 12.Bg5 h6 13.Be3 Nf6 14.h3 Rb8 15.b3 g5
16.Rc1 Qd7 17.Kh2 Rfc8 18.Na4 Qe8 19.Qd2 Nd7 20.Nc5 Nxc5 21.Rxc5 e5 22.dxe5
Qxe5 23.f4 Qe7 24.fxg5 Be4 25.Bxe4 Qxe4 26.gxh6 Bf8 27.Rf4 Qxf4 28.gxf4 Bxc5
29.Bxc5 Kh7 30.Qd3+ Kxh6 31.Qf5 Rg8 32.Qxf7 Rg6 33.Bf8+ {#r} 1-0

[Event "It (open)"]
[Site "Wattens (Austria)"]
[Round "3"]
[White "Berezjuk Sergej (CZE)"]
[Black "Sucher Johannes (AUT)"]
[Result "1-0"]
[WhiteElo "2450"]
[BlackElo "2191"]

1.Nf3 Nf6 2.g3 g6 3.Bg2 Bg7 4.O-O O-O 5.c4 c6 6.d4 d5 7.cxd5 cxd5 8.Ne5 Nc6
9.Nxc6 bxc6 10.Nc3 Rb8 11.b3 c5 12.Bf4 Rb4 13.Be5 cxd4 14.a3 Rb7 15.Bxd4 e6
16.b4 Re8 17.Be5 Bh6 18.Na4 Nd7 19.Bc3 Nb6 20.Nc5 Rc7 21.Be5 Rc6 22.e3 f6
23.Bc3 e5 24.a4 a5 25.Qb3 axb4 26.Bxb4 Nc4 27.Rad1 Rxc5 28.Bxc5 Be6 29.Qb5 Kh8
30.Bxd5 Bxd5 31.Rxd5 {#r} 1-0

[Event "Olympiad (w)"]
[Site "Yerevan (Armenia)"]
[Round "4"]
[White "Batceceg Tuvshintogs (MGL)"]
[Black "Mahammadi Sonia (IRI)"]
[Result "1-0"]
[WhiteElo "2040"]
[BlackElo "2050"]

1.Nf3 Nf6 2.d4 g6 3.c4 Bg7 4.Nc3 d5 5.g3 O-O 6.Bg2 c6 7.cxd5 cxd5 8.O-O b6
9.Bf4 Nc6 10.Ne5 Bb7 11.Rc1 Rc8 12.Re1 e6 13.Qd2 Ne4 14.Nxe4 dxe4 15.Bxe4 Nxd4
16.Bxb7 Rxc1 17.Qxc1 Qb8 18.Nxg6 Qxb7 19.Nxf8 Bxf8 20.Be5 Nf5 21.Qg5+ Ng7
22.Rd1 h6 23.Qxh6 Qe4 24.Bxg7 {#r} 1-0

[Event "Staatsliga 1996/97"]
[Site "Austria"]
[Round "10"]
[White "Postl Anton (AUT)"]
[Black "Krpelan Wolfgang (AUT)"]
[Result "1-0"]
[WhiteElo "2275"]
[BlackElo "2257"]

1.d4 d5 2.c4 c6 3.Nc3 Nf6 4.Nf3 g6 5.cxd5 cxd5 6.g3 Bg7 7.Bg2 O-O 8.Ne5 Nc6
9.O-O e6 10.f4 Qb6 11.Kh1 Rd8 12.e3 Ne8 13.b3 f6 14.Nd3 Bf8 15.g4 f5 16.gxf5
gxf5 17.Rg1 Ng7 18.Bd2 Bd7 19.Be1 Be7 20.Rc1 Be8 21.Bf3 Kh8 22.Na4 Qc7 23.Nac5
b6 24.Rxg7 bxc5 25.Nxc5 Rd6 26.Rg1 Bf7 27.b4 Qb6 28.Bh5 Bg8 29.Qe2 Bf6 30.b5
Ne7 31.Bb4 Rdd8 32.Na6 Rd7 33.a4 Rc8 34.Bxe7 {#r} 1-0

[Event "It (open)"]
[Site "Bad Bergzabern (Germany)"]
[Round "0"]
[White "Rasch Wolfgang"]
[Black "Auer Conny (GER)"]
[Result "0-1"]
[WhiteElo "1665"]
[BlackElo "2064"]

1.d4 Nf6 2.Nf3 g6 3.g3 Bg7 4.Bg2 d5 5.c4 c6 6.cxd5 cxd5 7.O-O O-O 8.Nc3 Nc6
9.e3 b6 10.Bd2 Ba6 11.Re1 Rc8 12.Bf1 Bb7 13.Ne2 Qd7 14.Nf4 Ne4 15.Qb3 Nxd2
16.Nxd2 Na5 17.Qa3 Rc7 18.Rac1 Rfc8 19.b4 Qd6 20.Rxc7 Rxc7 21.Qb2 Nc4 22.Nxc4
dxc4 23.Rc1 b5 24.a3 e5 25.dxe5 Bxe5 26.Qe2 Rd7 27.Bg2 Bxg2 28.Kxg2 Qd2
29.Qxd2 Rxd2 30.a4 a6 31.axb5 axb5 32.h4 Bb2 33.Re1 c3 34.Ne2 c2 {#R} 0-1

[Event "Czech League 1996/97 (1st) (a)"]
[Site "Czech Republic"]
[Round "0"]
[White "Holub Ladislav (CZE)"]
[Black "Jandecka Tomas (CZE)"]
[Result "0-1"]
[WhiteElo "2123"]
[BlackElo "2196"]

1.Nf3 c5 2.g3 g6 3.Bg2 Bg7 4.c3 d5 5.d4 cxd4 6.cxd4 Nc6 7.Nc3 e6 8.O-O Nge7
9.e3 O-O 10.Rb1 Nf5 11.b4 Nd6 12.b5 Na5 13.Ba3 Nac4 14.Bb4 Re8 15.Bxd6 Nxd6
16.Qb3 Bd7 17.Rfc1 Qa5 18.Bf1 Rec8 19.a4 Nc4 20.Bxc4 Rxc4 21.Nd2 Rc7 22.Qb2
Rac8 23.Nb3 Qb4 24.Nc5 Qxb2 25.Rxb2 Bf8 26.Ne2 Bxc5 27.dxc5 Rxc5 28.Rxc5 Rxc5
29.Rb4 e5 30.f3 Bf5 31.Kf2 Rc2 32.Ke1 Bd3 33.Ng1 Rxh2 34.g4 Rg2 {#R} 0-1

[Event "Czech League 1997/98 (2nd)"]
[Site "Czech Republic"]
[Round "1"]
[White "Sykora Petr (CZE)"]
[Black "Baudys Ondrej (CZE)"]
[Result "0-1"]
[WhiteElo "2003"]
[BlackElo "2238"]

1.c4 g6 2.Nc3 Bg7 3.g3 Nf6 4.Bg2 O-O 5.Nf3 c6 6.O-O d5 7.cxd5 cxd5 8.d4 Nc6
9.Ne5 e6 10.Bg5 Qb6 11.Qd2 Nxe5 12.dxe5 Ng4 13.e4 d4 14.Na4 Qb5 15.Qxd4 Nxe5
16.Qd1 Nc4 17.Qb3 Bd7 18.Qxb5 Bxb5 19.Nc3 Bc6 20.b3 Bxc3 21.Rac1 Bd2 22.Bxd2
Nxd2 23.Rfe1 f5 24.f3 fxe4 25.fxe4 {#R} 0-1

[Event "Moravian League 1997/98"]
[Site "Czech Republic"]
[Round "1"]
[White "Mlynek Petr (CZE)"]
[Black "Jurka Miroslav (CZE)"]
[Result "0-1"]
[WhiteElo "2122"]
[BlackElo "2345"]

1.d4 Nf6 2.g3 d5 3.Bg2 g6 4.c4 c6 5.cxd5 cxd5 6.Nf3 Bg7 7.O-O O-O 8.Nc3 e6
9.Bf4 Nc6 10.Ne5 Bd7 11.Rc1 Nxe5 12.Bxe5 Bc6 13.b4 Qe7 14.b5 Bd7 15.Qb3 Bh6
16.e3 Rfc8 17.Na4 Ng4 18.h3 Nxe5 19.dxe5 Bg7 20.f4 Bf8 21.e4 d4 22.Rc4 Rxc4
23.Qxc4 Rc8 24.Qxd4 Bxb5 25.Qxa7 Bxf1 26.Bxf1 Qa3 {#R} 0-1

[Event "Ch Finland (team) 1997/98"]
[Site "Finland"]
[Round "5"]
[White "Kekki Petri (FIN)"]
[Black "Kiltti Jyrki (FIN)"]
[Result "1-0"]
[WhiteElo "2250"]
[BlackElo "2271"]

1.d4 Nf6 2.Nf3 g6 3.g3 Bg7 4.Bg2 d5 5.c4 c6 6.O-O O-O 7.cxd5 cxd5 8.Nc3 Ne4
9.Qb3 Nxc3 10.bxc3 Nc6 11.Nd2 e6 12.e4 Na5 13.Qb5 a6 14.Qd3 b5 15.a4 bxa4
16.Qc2 Bd7 17.exd5 exd5 18.Bxd5 Rc8 19.Ba3 Bxd4 20.Bxf8 Qxf8 21.Ne4 Bb5
22.Rfd1 Be5 23.Ng5 Rc7 24.Qe4 Bxc3 25.Rac1 Re7 26.Qh4 Qg7 27.Bxf7+ {#r} 1-0

[Event "Ch Finland (team) 1997/98"]
[Site "Finland"]
[Round "2"]
[White "Nyback Tomi (FIN)"]
[Black "Koskinen Veikko (FIN)"]
[Result "0-1"]
[WhiteElo "2627"]
[BlackElo "1988"]

1.d4 Nf6 2.Nf3 g6 3.c4 Bg7 4.g3 c6 5.Bg2 d5 6.cxd5 cxd5 7.Nc3 O-O 8.O-O Ne4
9.e3 Nxc3 10.bxc3 Nc6 11.Nd2 Na5 12.Qe2 Be6 13.Nb3 Nc4 14.Nc5 Bc8 15.Bxd5 Qxd5
16.e4 Qc6 17.Qxc4 b6 18.Qa4 Qc7 19.Nb3 Qxc3 20.Bd2 Qf3 {#R} 0-1

[Event "Oberliga North 1997/98"]
[Site "Germany"]
[Round "0"]
[White "Jasnikowski Zbigniew (POL)"]
[Black "Wiethaup Moritz (GER)"]
[Result "1-0"]
[WhiteElo "2400"]
[BlackElo "2134"]

1.d4 Nf6 2.c4 g6 3.Nf3 Bg7 4.g3 O-O 5.Bg2 c6 6.Nc3 d5 7.cxd5 cxd5 8.Ne5 Bf5
9.O-O Nc6 10.Nxc6 bxc6 11.Bf4 Nd7 12.Rc1 Qb6 13.Na4 Qxd4 14.Rxc6 Qxd1 15.Rxd1
Nf6 16.Nc3 Bd7 17.Rc7 Rfc8 18.Nxd5 Rxc7 19.Nxf6+ Bxf6 20.Bxc7 Ba4 21.b3 Rc8
22.Rd8+ Rxd8 23.Bxd8 Bb5 24.e3 Kf8 25.a4 Bd3 26.b4 Bc2 27.a5 Ba4 28.Bb6 a6
29.Bf1 {#r} 1-0

[Event "It (open)"]
[Site "Helsinki (Finland)"]
[Round "5"]
[White "Haapasalo Jukka-Pekka (FIN)"]
[Black "Koskinen Veikko (FIN)"]
[Result "1-0"]
[WhiteElo "2084"]
[BlackElo "1988"]

1.d4 Nf6 2.Nf3 g6 3.g3 Bg7 4.Bg2 O-O 5.O-O c6 6.c4 d5 7.cxd5 cxd5 8.Ne5 Nc6
9.f4 Ng4 10.Nc3 Ngxe5 11.fxe5 e6 12.Be3 Bd7 13.Qd2 Qb6 14.Rad1 Rac8 15.Kh1 Qa6
16.Bg5 b5 17.b3 Qb6 18.Rf3 Rc7 19.Bf6 a6 20.g4 {#r} 1-0

[Event "Ch Hungary (team) 1997/98 (2 liga)"]
[Site "Hungary"]
[Round "0"]
[White "Szuhanek Ranko (ROM)"]
[Black "Horvath Lajos (HUN)"]
[Result "1-0"]
[WhiteElo "2380"]
[BlackElo "2185"]

1.c4 Nf6 2.Nf3 g6 3.g3 Bg7 4.Bg2 O-O 5.O-O c6 6.Nc3 d5 7.cxd5 cxd5 8.d4 Nc6
9.Ne5 e6 10.Nxc6 bxc6 11.Bf4 Nh5 12.Be3 f5 13.Qd2 Qa5 14.Rfd1 Bd7 15.Bf3 Nf6
16.Nxd5 Qxd2 17.Nxf6+ Bxf6 18.Rxd2 Rab8 19.Rc1 Rfc8 20.Rc4 a5 21.Rdc2 Rb4
22.b3 Kf7 23.Bd2 Rxc4 24.Rxc4 Bd8 25.h4 Bb6 26.a4 Ke7 27.b4 axb4 28.Bxb4+ Ke8
29.a5 Ba7 30.Bd6 Kd8 31.Rb4 c5 32.Rb7 Ra8 33.dxc5 {#r} 1-0

[Event "Match \"]
[Site "Hungary"]
[Round "0"]
[White "Calotescu Ana-Cristina (ROM)"]
[Black "Gara Ticia (HUN)"]
[Result "0-1"]
[WhiteElo "2110"]
[BlackElo "2175"]

1.Nf3 Nf6 2.g3 g6 3.Bg2 Bg7 4.O-O O-O 5.c4 c6 6.Nc3 d5 7.cxd5 cxd5 8.d4 Ne4
9.Qb3 Nxc3 10.bxc3 Nc6 11.Nd2 e5 12.Ba3 Na5 13.Qb5 Re8 14.Bxd5 a6 15.Bxf7+
Kxf7 16.Qd3 exd4 17.Ne4 Bf5 18.f3 Kg8 19.c4 Qc7 20.c5 Qe5 21.Bb4 Bxe4 22.fxe4
Nc6 23.Bd2 Qxe4 24.Qb3+ Kh8 25.Rae1 Ne5 26.Qb4 Rf8 27.Bf4 Ng4 28.Qd2 Ne3
29.Rf3 Rae8 30.Rc1 g5 31.Bxg5 Rxf3 32.exf3 Qxf3 33.Bf4 d3 34.Re1 Bd4 {#R} 0-1

[Event "Memorial D.Porath"]
[Site "Israel"]
[Round "5"]
[White "Blodstein B (ISR)"]
[Black "Godes Dmitry R (RUS)"]
[Result "0-1"]
[WhiteElo "2259"]
[BlackElo "2375"]

1.d4 c6 2.c4 Nf6 3.Nc3 d5 4.Nf3 g6 5.cxd5 cxd5 6.g3 Bg7 7.Bg2 O-O 8.Ne5 e6
9.O-O Ne8 10.f4 Nd6 11.Be3 Nd7 12.b3 b5 13.Rc1 Bb7 14.Qd2 Nf6 15.Qb2 Qb6 16.g4
Rfd8 17.Rfd1 Rac8 18.Kh1 h5 19.h3 hxg4 20.hxg4 Nfe4 21.Bg1 f6 22.Nxe4 Nxe4
23.Rxc8 Rxc8 24.Nd3 b4 25.Nc5 f5 26.Bxe4 dxe4 27.Be3 Qxc5 28.dxc5 Bxb2 29.gxf5
gxf5 30.Rd7 Bd5 31.Rxa7 Ra8 32.Rxa8+ Bxa8 33.Kg2 Kf7 34.Bd2 e3+ {#R} 0-1

[Event "Ch Russia (1/2 final)"]
[Site "Krasnodar (Russia)"]
[Round "0"]
[White "Tregubov Pavel V (RUS)"]
[Black "Tamaev Taimuraz (RUS)"]
[Result "1-0"]
[WhiteElo "2550"]
[BlackElo "2265"]

1.d4 Nf6 2.c4 g6 3.g3 Bg7 4.Bg2 O-O 5.Nc3 c6 6.Nf3 d5 7.cxd5 cxd5 8.Ne5 e6
9.O-O Nfd7 10.f4 Qb6 11.Kh1 Nxe5 12.fxe5 Nc6 13.e3 Bd7 14.b3 f5 15.exf6 Rxf6
16.Rxf6 Bxf6 17.Qg4 Qd8 18.Ba3 Ne7 19.Rf1 Nf5 20.Qf3 Qa5 21.e4 dxe4 22.Nxe4
Bxd4 23.b4 Qa4 24.g4 Nh6 25.Bc1 Bg7 26.Bxh6 Bxh6 27.Qf7+ Kh8 28.Nf6 {#r} 1-0

[Event "Ch Germany (juniors) (under 20) (team)"]
[Site "Magdeburg (Germany)"]
[Round "3"]
[White "Keller Thomas (GER)"]
[Black "Kuehn Stefan (GER)"]
[Result "1-0"]
[WhiteElo "2312"]
[BlackElo "2272"]

1.d4 Nf6 2.Nf3 g6 3.g3 Bg7 4.Bg2 d5 5.c4 c6 6.cxd5 cxd5 7.O-O O-O 8.Nc3 e6
9.Bf4 a6 10.Rc1 Ne8 11.Ne5 f6 12.Nf3 Nc6 13.e4 dxe4 14.Nxe4 g5 15.Be3 Nc7
16.Nc3 Ne7 17.h4 gxh4 18.Nxh4 Ncd5 19.Qh5 f5 20.Bg5 Nf6 21.Bxf6 Rxf6 22.Rfd1
Rh6 23.Qg5 Qd6 24.Na4 Nd5 25.Bxd5 exd5 26.Re1 Re6 27.Nc5 Rxe1+ 28.Rxe1 b6
29.Re7 Qf6 30.Re8+ Kf7 31.Qh5+ {#r} 1-0

[Event "Ch Slovenia (juniors) (under 14)"]
[Site "Maribor (Slovenia)"]
[Round "0"]
[White "Sebenik Matej (SLO)"]
[Black "Novak Gorazd (SLO)"]
[Result "1-0"]
[WhiteElo "2115"]
[BlackElo "2255"]

1.d4 Nf6 2.Nf3 g6 3.g3 Bg7 4.Bg2 O-O 5.O-O d5 6.c4 c6 7.cxd5 cxd5 8.Ne5 Nbd7
9.Nc3 e6 10.Nd3 Ne8 11.e3 Nd6 12.b3 Nf5 13.Ba3 Re8 14.Rc1 a6 15.Na4 h5 16.Qc2
h4 17.g4 h3 18.Bxh3 Qh4 19.gxf5 Qxh3 20.Nf4 Qg4+ 21.Ng2 exf5 22.Qd1 Qh3 23.Nf4
Qh6 24.Qf3 Re4 25.Nc3 g5 26.Ng2 Be5 27.dxe5 Nxe5 28.Qe2 Ng4 29.h4 gxh4 30.Nxe4
fxe4 31.Rxc8+ {#r} 1-0

[Event "It (open) \"]
[Site "Pardubice (Czech Republic)"]
[Round "1"]
[White "Burmakin Vladimir (RUS)"]
[Black "Donk Merlijn Silvester (NED)"]
[Result "1-0"]
[WhiteElo "2550"]
[BlackElo "2310"]

1.d4 Nf6 2.Nf3 g6 3.c4 Bg7 4.g3 O-O 5.Bg2 c6 6.O-O d5 7.cxd5 cxd5 8.Ne5 Ng4
9.Nxg4 Bxg4 10.Nc3 Nc6 11.h3 Bf5 12.e3 e5 13.dxe5 d4 14.exd4 Nxd4 15.Bf4 Ne6
16.Qc1 Nxf4 17.Qxf4 Re8 18.Rfe1 Qa5 19.Nd5 Bxh3 20.b4 Qd8 21.Rad1 Bd7 22.Re3
g5 23.Nf6+ Bxf6 24.Qxf6 Qxf6 25.exf6 Rxe3 26.fxe3 Bg4 27.Rd4 Be6 28.Bxb7 Rb8
29.a4 h6 30.Be4 Rc8 31.b5 Kf8 32.a5 Ke8 33.Bc6+ Kf8 34.Bb7 {#r} 1-0

[Event "It (open) \"]
[Site "Pardubice (Czech Republic)"]
[Round "7"]
[White "Panchenko Alexander N (RUS)"]
[Black "Iljin Stanislav (UKR)"]
[Result "0-1"]
[WhiteElo "2425"]
[BlackElo "2325"]

1.Nf3 Nf6 2.c4 g6 3.g3 Bg7 4.Bg2 c6 5.d4 d5 6.cxd5 cxd5 7.Nc3 O-O 8.Ne5 e6
9.O-O Nfd7 10.f4 Nc6 11.e4 Ndxe5 12.fxe5 dxe4 13.Be3 f5 14.exf6 Bxf6 15.Nxe4
Bxd4 16.Rxf8+ Kxf8 17.Kh1 Bxe3 18.Qf3+ Kg7 19.Qxe3 e5 20.Rf1 Bf5 21.h3 Qe7
22.Nc5 Nd4 23.b4 Rf8 24.Re1 Re8 25.Qd2 b6 26.Ne4 Qd7 27.g4 Bxe4 28.Bxe4 Qf7
29.Qg2 Qc4 30.a3 Qc3 31.Kg1 Rf8 {#R} 0-1

[Event "Ch Czech Republic (juniors) (under 18)"]
[Site "Postupice (Czech Republic)"]
[Round "0"]
[White "Kovar Vojtech (CZE)"]
[Black "Stastny Jan (CZE)"]
[Result "1-0"]
[WhiteElo "2308"]
[BlackElo "2246"]

1.d4 Nf6 2.Nf3 g6 3.g3 Bg7 4.Bg2 d5 5.O-O O-O 6.c4 c6 7.cxd5 cxd5 8.Ne5 Ng4
9.Nxg4 Bxg4 10.Nc3 Nc6 11.h3 Bc8 12.e3 e6 13.Bd2 Bd7 14.Na4 b6 15.Rc1 Qe8
16.b3 Rc8 17.Qe2 Qe7 18.Rfd1 Nb4 19.Nc3 a6 20.a3 Nc6 21.Na4 Rb8 22.Ra1 Rfc8
23.Qxa6 b5 24.Nc5 Rc7 25.Nxd7 Qxd7 26.Rdc1 Ne7 27.Rxc7 Qxc7 28.Rc1 Qd7 29.Bb4
Nc8 30.Bf1 Rb7 31.Bxb5 Qd8 32.Qxb7 {#r} 1-0

[Event "It (open)"]
[Site "Pula (Croatia)"]
[Round "9"]
[White "De Blecourt Sandra (DEN)"]
[Black "Kos Toni (SLO)"]
[Result "0-1"]
[WhiteElo "2090"]
[BlackElo "2295"]

1.d4 c5 2.c3 cxd4 3.cxd4 Nf6 4.Nc3 g6 5.Nf3 Bg7 6.g3 O-O 7.Bg2 d5 8.O-O Ne4
9.Qb3 Nxc3 10.Qxc3 Nc6 11.h3 Qb6 12.Rd1 Bf5 13.Bf4 Rac8 14.Qd2 Nb4 15.Ne1 Nc2
16.g4 Nxe1 17.Rxe1 Be4 18.Bxe4 dxe4 19.Be3 f5 20.f4 fxg4 21.d5 Qf6 22.Bf2 gxh3
23.Kh2 Qxf4+ 24.Qxf4 Rxf4 25.Bg3 Rf5 26.Rad1 Rd8 27.Kxh3 Rfxd5 {#R} 0-1

[Event "It (open)"]
[Site "Quebec (Canada)"]
[Round "7"]
[White "Pneumonidis Pantelis (CAN)"]
[Black "Luksza Arkadiusz (CAN)"]
[Result "1-0"]
[WhiteElo "2096"]
[BlackElo "2115"]

1.Nf3 Nf6 2.g3 g6 3.Bg2 Bg7 4.O-O O-O 5.c4 c6 6.d4 d5 7.cxd5 cxd5 8.Nc3 Nc6
9.Ne5 Qb6 10.Na4 Qc7 11.Bf4 Nxe5 12.Bxe5 Qa5 13.Rc1 Bd7 14.Nc5 Bc6 15.a3 Rac8
16.b4 Qd8 17.Bh3 e6 18.Nxe6 fxe6 19.Bxe6+ Kh8 20.Bxc8 Qxc8 21.Bxf6 Rxf6 22.b5
g5 23.bxc6 bxc6 24.e3 Bf8 25.Rc3 Qh3 26.f3 Qe6 27.f4 g4 28.f5 Rxf5 29.Rxf5
Qxf5 30.Qf1 Qc8 31.Qf6+ Bg7 32.Qxc6 Qg8 33.Qc8 Bf8 34.Qf5 {#r} 1-0

[Event "Cup Russia (open)"]
[Site "Smolensk (Russia)"]
[Round "3"]
[White "Vilkov Vladimir (RUS)"]
[Black "Feofanov Vladimir (RUS)"]
[Result "1-0"]
[WhiteElo "2260"]
[BlackElo "2345"]

1.d4 Nf6 2.Nf3 g6 3.c4 Bg7 4.g3 O-O 5.Bg2 c6 6.Nc3 d5 7.cxd5 cxd5 8.Ne5 e6
9.O-O Nbd7 10.f4 b6 11.b3 Bb7 12.Ba3 Re8 13.Nb5 Bf8 14.Bxf8 Rxf8 15.Rc1 Ne4
16.Bxe4 dxe4 17.Nd6 Bd5 18.Qc2 Nf6 19.Qc7 Ne8 20.Nxe8 Qxe8 21.Nd7 Qe7 22.Nxf8
Qxf8 23.Rc2 e3 24.Qe5 Qh6 25.Rfc1 Rf8 26.Rc8 Qh3 27.Rxf8+ Kxf8 28.Qh8+ {#r}
1-0

[Event "It (open)"]
[Site "St. Cebria (Spain)"]
[Round "2"]
[White "Bou Part Jose (ESP)"]
[Black "Fluvia Frigola Joan (ESP)"]
[Result "0-1"]
[WhiteElo "2180"]
[BlackElo "2078"]

1.d4 Nf6 2.c4 g6 3.g3 c6 4.Bg2 d5 5.cxd5 cxd5 6.Nf3 Bg7 7.O-O O-O 8.Nc3 Ne4
9.Bf4 Nxc3 10.bxc3 Nc6 11.Qc1 Bg4 12.Bh6 Rc8 13.Bxg7 Kxg7 14.Qf4 Bxf3 15.Bxf3
e6 16.h4 Qc7 17.Qd2 Na5 18.Rac1 Nc4 19.Qc2 f5 20.e3 b5 21.Be2 Qa5 22.g4 f4
23.e4 f3 24.Bxc4 Rxc4 25.exd5 exd5 26.Qd2 Qd8 27.h5 Qh4 28.h6+ Kg8 {#R} 0-1

[Event "Ch Europe (juniors) (under 10)"]
[Site "Tallinn (Estonia)"]
[Round "3"]
[White "Iljin Artem (RUS)"]
[Black "Askarov Marat (RUS)"]
[Result "1-0"]
[WhiteElo "2536"]
[BlackElo "2494"]

1.Nf3 d5 2.g3 Nf6 3.Bg2 g6 4.O-O c6 5.d4 Bg7 6.c4 O-O 7.cxd5 cxd5 8.Nc3 Nc6
9.Bf4 Bf5 10.Ne5 Ne4 11.Nxe4 Bxe4 12.Nxc6 bxc6 13.Bxe4 dxe4 14.Be3 Qd5 15.Qa4
Qb5 16.Qc2 f5 17.Rac1 Rfd8 {#r} 1-0

[Event "Ch Spain"]
[Site "Torrevieja (Spain)"]
[Round "1"]
[White "Gomez Esteban Juan Mario (ESP)"]
[Black "Martin Fernandez Rodrigo (GER)"]
[Result "1-0"]
[WhiteElo "2490"]
[BlackElo "2156"]

1.d4 Nf6 2.c4 g6 3.g3 c6 4.Bg2 d5 5.cxd5 cxd5 6.Nc3 Bg7 7.Nf3 O-O 8.Ne5 e6
9.O-O Nfd7 10.f4 Nb6 11.b3 f6 12.Nd3 Nc6 13.e3 Re8 14.Ba3 e5 15.fxe5 fxe5
16.dxe5 Nxe5 17.Nf4 Ng4 18.Ncxd5 Nxd5 19.Nxd5 Nxe3 20.Nxe3 Bd4 21.Kh1 Bxe3
22.Qf3 Bf5 23.Qxb7 Qd2 24.Qd5+ Qxd5 25.Bxd5+ Kg7 26.Bb2+ Kh6 27.Bxa8 Rxa8
28.Kg2 Bb6 29.Rae1 Rc8 30.Bc1+ Kg7 31.Be3 Rc2+ 32.Rf2 Be4+ 33.Kg1 {#r} 1-0

[Event "Ch Slovakia (juniors) (under 16)"]
[Site "Zilina (Slovakia)"]
[Round "0"]
[White "Krupik Jozef"]
[Black "Vyparina Matej (SVK)"]
[Result "0-1"]
[WhiteElo "1912"]
[BlackElo "2271"]

1.d4 d5 2.c4 c6 3.cxd5 cxd5 4.Nf3 Nf6 5.Nc3 Nc6 6.g3 g6 7.Bg2 Bg7 8.O-O O-O
9.Re1 Re8 10.a3 a6 11.Qc2 Bf5 12.Qd1 Ne4 13.Qb3 Nxc3 14.bxc3 Na5 15.Qb4 Rc8
16.Nh4 Be6 17.e4 Rc4 18.Qb2 dxe4 19.Bxe4 Rxc3 20.Qxc3 Bxd4 21.Qf3 Bxa1 22.Bxb7
Nxb7 23.Qxb7 Bc3 24.Rxe6 Qd1+ 25.Kg2 fxe6 26.Bb2 Bxb2 27.Qxb2 Qd5+ 28.Kg1 g5
29.Ng2 {#R} 0-1

[Event "It (open) \"]
[Site "Buenos Aires (Argentina)"]
[Round "2"]
[White "Ferrara Alexis (ARG)"]
[Black "Pierrot Facundo (ARG)"]
[Result "0-1"]
[WhiteElo "2209"]
[BlackElo "2420"]

1.d4 Nf6 2.Nf3 g6 3.g3 Bg7 4.Bg2 O-O 5.O-O d5 6.c4 c6 7.cxd5 cxd5 8.Ne5 e6
9.Nc3 Nfd7 10.f4 Nc6 11.Be3 Nb6 12.Bf2 Bd7 13.Nxd7 Qxd7 14.e4 dxe4 15.Nxe4
Rfd8 16.Nc5 Qe7 17.Rc1 Rac8 18.Bxc6 Rxc6 19.Qf3 Bxd4 20.Bxd4 Rxd4 21.Nxb7 Rxc1
22.Rxc1 Rd5 {#R} 0-1

[Event "It (open)"]
[Site "Cesenatico (Italy)"]
[Round "1"]
[White "Lava Giovanni (ITA)"]
[Black "Giovanardi Rino (ITA)"]
[Result "1-0"]
[WhiteElo "2186"]
[BlackElo "2105"]

1.d4 Nf6 2.Nf3 g6 3.g3 Bg7 4.Bg2 d5 5.O-O O-O 6.c4 c6 7.cxd5 cxd5 8.Ne5 Nbd7
9.Nc3 e6 10.f4 Rb8 11.Be3 Nxe5 12.dxe5 Ng4 13.Bxa7 Ra8 14.Bd4 h5 15.Qb3 Ra6
16.Rfd1 f6 17.exf6 Bxf6 18.Nb5 Bd7 19.Qd3 Kg7 20.Nc3 Bc6 21.a3 Ba4 22.Nxa4
Rxa4 23.b4 e5 24.fxe5 Nxe5 25.Qb5 Ra8 26.Qxb7+ Kh6 27.Qxd5 Qxd5 28.Bxd5 Rad8
29.Bc5 Rfe8 30.Rab1 Nd7 31.Bc6 {#r} 1-0

[Event "Ch France (team) 1997/98"]
[Site "France"]
[Round "0"]
[White "Pira Davoud (FRA)"]
[Black "Varlet Nicolas (FRA)"]
[Result "1-0"]
[WhiteElo "2395"]
[BlackElo "2118"]

1.d4 Nf6 2.Nf3 g6 3.g3 Bg7 4.Bg2 O-O 5.O-O d5 6.c4 c6 7.cxd5 cxd5 8.Nc3 Ne4
9.Bf4 Nxc3 10.bxc3 Nc6 11.Rb1 Qa5 12.Qd2 Qa6 13.Rfe1 Bf5 14.Rbd1 Be4 15.Bf1
Na5 16.Ne5 Bxe5 17.dxe5 Nc4 18.Qd4 Qb6 19.f3 Bc2 20.Rc1 Qxd4+ 21.cxd4 Na3
22.e4 Rfd8 23.Re3 {#r} 1-0

[Event "Mecklenburg Landesliga 1997/98"]
[Site "Germany"]
[Round "0"]
[White "Jungmichel Dirk (GER)"]
[Black "Bartosik Piotr (POL)"]
[Result "0-1"]
[WhiteElo "2065"]
[BlackElo "1981"]

1.d4 d5 2.c4 c6 3.Nf3 Nf6 4.cxd5 cxd5 5.g3 g6 6.Bg2 Bg7 7.Ne5 O-O 8.Nc3 Nc6
9.O-O e6 10.f4 Nd7 11.Be3 f6 12.Nf3 b6 13.Rc1 Bb7 14.Bf2 f5 15.Kh1 Qe7 16.e3
Rfc8 17.Rg1 a6 18.Ne5 Ndxe5 19.fxe5 b5 20.g4 Rc7 21.gxf5 gxf5 22.Qh5 Qf7
23.Qxf7+ Kxf7 24.Ne2 Rac8 25.a3 Na5 26.Rxc7+ Rxc7 27.Rc1 Rxc1+ 28.Nxc1 Nc4
29.Nd3 Bh6 30.Bf3 Nxe3 31.Nc5 Bc8 32.Bh5+ Kf8 33.Bxe3 Bxe3 34.Nb3 a5 {#R} 0-1

[Event "Ch Hungary (team) 1997/98 (2 liga)"]
[Site "Hungary"]
[Round "0"]
[White "Nemeth Antal (HUN)"]
[Black "Juhasz Jozsef (HUN)"]
[Result "0-1"]
[WhiteElo "2288"]
[BlackElo "2272"]

1.Nf3 Nf6 2.c4 g6 3.g3 c6 4.d4 d5 5.cxd5 cxd5 6.Bg2 Bg7 7.O-O O-O 8.Nc3 Ne4
9.Ne5 Nxc3 10.bxc3 Nc6 11.f4 Na5 12.e4 dxe4 13.Bxe4 Bh3 14.Rf2 Be6 15.h4 Bd5
16.Bd3 Rc8 17.Bd2 Nc4 18.Be1 Nxe5 19.fxe5 Qd7 20.Rc1 Bh6 21.Bf1 Bxc1 22.Qxc1
f6 23.h5 Qg4 24.hxg6 hxg6 25.Rh2 Qg5 26.Qxg5 fxg5 27.Be2 Kg7 28.Bd2 Rh8
29.Bxg5 Rxh2 30.Kxh2 Rxc3 31.Bg4 Kf7 {#R} 0-1

[Event "Ch Croatia (juniors) (under 19)"]
[Site "Hvar (Croatia)"]
[Round "1"]
[White "Njirjak Josip (CRO)"]
[Black "Balaskovic Sandro (CRO)"]
[Result "1-0"]
[WhiteElo "2290"]
[BlackElo "1982"]

1.Nf3 Nf6 2.c4 g6 3.g3 Bg7 4.Bg2 O-O 5.O-O c6 6.d4 d5 7.cxd5 cxd5 8.Nc3 Bf5
9.Qb3 Bc8 10.Bf4 Nc6 11.Be5 Na5 12.Qb4 b6 13.Rac1 Ba6 14.Nb5 Qd7 15.Nc7 Bxe2
16.Nxa8 Bxf1 17.Nxb6 axb6 18.Bxf1 Nc6 19.Qxb6 Nxe5 20.Nxe5 Qf5 21.Bd3 Ne4
22.Bxe4 Qxe4 23.Nc6 Bf6 24.Qb4 Bg5 25.Re1 Qc2 26.Qc5 Qxb2 27.Qxd5 Qd2 28.Nxe7+
Kg7 29.Re4 Bf6 30.Nc6 Qd3 31.Rf4 Re8 32.Qa5 Bxd4 33.Nxd4 Qb1+ 34.Kg2 {#r} 1-0

[Event "It (open)"]
[Site "Kassel (Germany)"]
[Round "1"]
[White "Heck Norbert (GER)"]
[Black "Peters Joerg (GER)"]
[Result "1-0"]
[WhiteElo "2320"]
[BlackElo "2046"]

1.d4 Nf6 2.Nf3 g6 3.g3 Bg7 4.Bg2 O-O 5.c4 c6 6.O-O d5 7.cxd5 cxd5 8.Nc3 Nc6
9.Ne5 Ne4 10.Nxc6 bxc6 11.Nxe4 dxe4 12.Bxe4 Bxd4 13.Bh6 Re8 14.Bxc6 Bh3
15.Bxe8 Qd5 16.Bxf7+ Kxf7 17.Qb3 Qxb3 18.axb3 Bxf1 19.Kxf1 Bxb2 20.Rd1 Be5
21.Rd5 Ke6 22.e4 Rb8 23.Rxe5+ {#r} 1-0

[Event "Ch World (juniors) (under 14) (g)"]
[Site "Marina d'Or (Spain)"]
[Round "7"]
[White "Srebrnic Ana (SLO)"]
[Black "Gerasimovitch Olga (BLR)"]
[Result "1-0"]
[WhiteElo "2222"]
[BlackElo "2098"]

1.d4 Nf6 2.Nf3 g6 3.g3 Bg7 4.Bg2 d5 5.c4 c6 6.cxd5 cxd5 7.O-O O-O 8.Ne5 Nbd7
9.f4 Ne4 10.e3 f6 11.Nd3 f5 12.Nd2 b6 13.Nxe4 dxe4 14.Qb3+ Kh8 15.Ne5 Bxe5
16.fxe5 a5 17.a4 Ba6 18.Rf2 Rc8 19.Bd2 Bc4 20.Qa3 Nb8 21.b4 Na6 22.bxa5 bxa5
23.Rc1 e6 24.Bf1 Bxf1 25.Rxc8 Qxc8 26.Rxf1 Qd8 27.Bxa5 Qb8 28.Qd6 Qc8 29.Bb6
Re8 30.a5 Qc3 31.d5 exd5 32.Qf6+ Kg8 33.Bd4 Qxa5 34.e6 {#r} 1-0